书目信息 |
| 题名: |
3分钟胃肠病健康疗法
|
|
| 作者: | 陈广垠 主编 | |
| 分册: | ||
| 出版信息: | 合肥 安徽科学技术出版社 2019 |
|
| 页数: | 212页 | |
| 开本: | 24cm | |
| 丛书名: | ||
| 单 册: | ||
| 中图分类: | R573.05 | |
| 科图分类: | ||
| 主题词: | 胃肠病--治疗 | |
| 电子资源: | ||
| ISBN: | 978-7-5337-7856-9 | |
| 000 | 00845nam0 2200229 45 | |
| 001 | 012001003367 | |
| 005 | 20140130114252.0 | |
| 010 | @a978-7-5337-7856-9@dCNY26.80 | |
| 100 | @a20190311d2019 em y0chiy0110 ea | |
| 101 | 0 | @achi |
| 102 | @aCN@b340000 | |
| 105 | @ay z 000yy | |
| 106 | @ar | |
| 200 | 1 | @a3分钟胃肠病健康疗法@93 fen zhong wei chang bing jian kang liao fa@f陈广垠主编 |
| 210 | @a合肥@c安徽科学技术出版社@d2019 | |
| 215 | @a212页@d24cm | |
| 330 | @a本书详细介绍了胃肠病的诱因,以及如何通过健康疗法,如饮食、运动、按摩等改善胃肠状况,每天利用3分钟,即可逐渐缓解病情,减少患者用药的同时控制好病情。内容详实、可操作性强,是一本不可多得的常见病健康枕边书。 | |
| 606 | 0 | @a胃肠病@x治疗 |
| 690 | @aR573.05@v5 | |
| 701 | 0 | @a陈广垠@9chen guang yin@4主编 |
| 801 | 0 | @aCN@b北京卓展@c20191020 |
| 905 | @b1211379-82@dR573.05@e149@f4 | |
| 3分钟胃肠病健康疗法/陈广垠主编.-合肥:安徽科学技术出版社,2019 |
| 212页;24cm |
| ISBN 978-7-5337-7856-9:CNY26.80 |
| 本书详细介绍了胃肠病的诱因,以及如何通过健康疗法,如饮食、运动、按摩等改善胃肠状况,每天利用3分钟,即可逐渐缓解病情,减少患者用药的同时控制好病情。内容详实、可操作性强,是一本不可多得的常见病健康枕边书。 |
| ● |
| 相关链接 |
|
|
|
|
正题名:3分钟胃肠病健康疗法
索取号:R573.05/149
 
预约/预借
| 序号 | 登录号 | 条形码 | 馆藏地/架位号 | 状态 | 备注 |
| 1 | 1211379 | 212113791 | 第二样本阅览室/ [索取号:R573.05/149] | 在馆 | |
| 2 | 1211380 | 212113808 | 第三借阅区/ [索取号:R573.05/149] | 在馆 | |
| 3 | 1211381 | 212113817 | 第三借阅区/ [索取号:R573.05/149] | 在馆 | |
| 4 | 1211382 | 212113826 | 第三借阅区/ [索取号:R573.05/149] | 在馆 |